Joy of mixology: The consummate guide to the bartender's craft (Record no. 395662)

MARC details
000 -LEADER
fixed length control field 00551 a2200205 4500
005 - DATE & TIME
control field 20260409124556.0
008 - FIXED-LENGTH DATA ELEMENTS--GENERAL INFORMATION
fixed length control field 260409b |||||||| |||| 00| 0 eng d
020 ## - ISBN
International Standard Book Number 9780451499028
Price $ 30.00
040 ## - CATALOGING SOURCE
Original cataloging agency VIVEKANANDA LIBRARY
082 ## - DDC NUMBER
Classification number 641.874
Book Number R261J
100 ## - MAIN ENTRY--PERSONAL NAME
Personal name Regan, Gary
245 ## - TITLE STATEMENT
Title Joy of mixology: The consummate guide to the bartender's craft
260 ## - PUBLICATION, DISTRIBUTION, ETC. (IMPRINT)
Name of publisher, distributor, etc Clarkson Potter
Date of publication, distribution, etc 2018
Place of publication, distribution, etc New York
300 ## - PHYSICAL DESCRIPTION
Pages xv, 329
650 ## - Subject
Subject Food Technology
650 ## - Subject
Subject Food and Drink
650 ## - Subject
Subject Beverages
650 ## - Subject
Subject Hotel Management
942 ## - ADDED ENTRY ELEMENTS (KOHA)
Koha item type Books
Holdings
Withdrawn status Lost status Source of classification or shelving scheme Damaged status Not for loan Location (home branch) Sublocation or collection (holding branch) Shelving location Date acquired Koha issues (times borrowed) Koha full call number Accession No. Koha date last seen Koha item type
    Dewey Decimal Classification     VIVEKANANDA LIBRARY VIVEKANANDA LIBRARY IHTM Library 21/01/2026   641.874 R261J 425221 21/01/2026 Books
© Designed and Maintained by Vivekananda Library, MDU Rohtak